| 000 | 00641nam a2200241Ia 4500 | ||
|---|---|---|---|
| 003 | OSt | ||
| 005 | 20220918201317.0 | ||
| 006 | a|||||r|||| 00| 0 | ||
| 007 | ta | ||
| 008 | 220917b |||||||| |||| 00| 0 eng d | ||
| 024 | _a93,037 | ||
| 037 | _cTextual | ||
| 040 |
_aARTS _cARTS _beng |
||
| 041 |
_2eng _aeng |
||
| 082 | _aV2wM66,4, L7 | ||
| 100 |
_aStratton Alfred William _998069 |
||
| 245 | 0 | _aLetters from India | |
| 260 |
_aLahore _bAl-Biruni Pakistan _c1977 |
||
| 300 |
_axv,368p. illus _ccm. |
||
| 650 | _aHISTORY | ||
| 942 |
_hV2wM66,4, L7 _cTEXL _2CC |
||
| 999 |
_c216685 _d216685 |
||